The Name Game #2 - Statistics

General Stats
  • This quiz has been taken 16 times
  • The average score is 13 of 15
Answer Stats
Name Equivalent % Correct
Elisabeta Elizabeth
100%
Gorgias George
100%
Helena Helen
100%
Tomasz Thomas
100%
Antonio Anthony
94%
Jacques Jack
94%
Nikolaos Nicholas
94%
Vittoria Victoria
94%
Wilhelm William
94%
Marta Martha
88%
Paola Paula
88%
Geoffrey Jeffery
81%
Anja Anna
75%
Javier Xavier
69%
Jibril Gabriel
56%
No matching quizzes found
Score Distribution
Percent of People with Each Score
Percentile by Number Answered
Your Score History
You have not taken this quiz